Civil War Postal Histort - Ambassador Collection (auction Sept 9, 2020) (Record no. 3086)
[ view plain ]
| 000 -LEADER | |
|---|---|
| fixed length control field | 00343nam a22000977a 4500 |
| 008 - FIXED-LENGTH DATA ELEMENTS--GENERAL INFORMATION | |
| fixed length control field | 200907b ||||| |||| 00| 0 eng d |
| 100 ## - MAIN ENTRY--AUTHOR'S NAME | |
| Author's Name | Robert Siegel Auction Gallaeries |
| 245 ## - TITLE STATEMENT | |
| Title | Civil War Postal Histort - Ambassador Collection (auction Sept 9, 2020) |
| 260 ## - PUBLICATION, DISTRIBUTION, ETC. (IMPRINT) | |
| Name of publisher, distributor, etc. | Robert Siegel Acution Gallaries |
| Date of publication, distribution, etc. | 2020 |
| 650 ## - TOPICAL TERM (Tag) | |
| Topical term or geographic name | US; Civil War; Postal History |
No items available.